000 00570cab a22001695a 4500
001 L158339
008 150113e2015 xxk 000 0 eng d
035 _a(Sirsi) u158339
041 0 _aeng
100 1 _aGardiner, Joey
245 0 2 _aA manifesto for construction
260 _a(Building ; (280 9 January 2015, 20-23 (4))
520 _aBuilding journal manifesto ahead of the 2015 election indicating what they believe needs to happen for the construction industry to thrive.
651 4 _aUnited Kingdom
_y
690 _aPlanning and development
_96259
942 _n0
999 _c84569
_d84569